ՀՀ Գիտությունների ազգային ակադեմիայի հիմնարար գիտական գրադարան  =   Fundamental Scientific Library of NAS RA

Тектоника и нефтегазоносность Якутии : (Record no. 168631)

MARC details
000 -LEADER
fixed length control field 01126nam a2200241 u 4500
001 - CONTROL NUMBER
control field 000462444
003 - CONTROL NUMBER IDENTIFIER
control field AM-YeHGA
005 - DATE AND TIME OF LATEST TRANSACTION
control field 20250617133629.0
008 - FIXED-LENGTH DATA ELEMENTS--GENERAL INFORMATION
fixed length control field 051108s1989 ||| r ||| 0 rus d
040 ## - CATALOGING SOURCE
Original cataloging agency AM-YeHGA
041 0# - LANGUAGE CODE
Language code of text/sound track or separate title rus
090 ## - LOCALLY ASSIGNED LC-TYPE CALL NUMBER (OCLC); LOCAL CALL NUMBER (RLIN)
-- 170063
245 00 - TITLE STATEMENT
Title Тектоника и нефтегазоносность Якутии :
Remainder of title Сб. науч. тр. /
Statement of responsibility, etc. АН СССР, Сиб. отд-ние, Якут. ин-т геол. наук; Редкол.: К.И. Микуленко (отв. ред.) и др.
260 ## - PUBLICATION, DISTRIBUTION, ETC.
Place of publication, distribution, etc. Якутск :
Name of publisher, distributor, etc. ЯНЦ СО АН СССР,
Date of publication, distribution, etc. 1989.
300 ## - PHYSICAL DESCRIPTION
Extent 165 с.
Other physical details [2] л. ил., ил.
504 ## - BIBLIOGRAPHY, ETC. NOTE
Bibliography, etc. note Библиогр. в конце ст.
653 0# - INDEX TERM--UNCONTROLLED
Uncontrolled term Тектоника - Якут. АССР
653 0# - INDEX TERM--UNCONTROLLED
Uncontrolled term Нефтеносные районы - Якут. АССР
653 0# - INDEX TERM--UNCONTROLLED
Uncontrolled term Газоносные районы - Якут. АССР
700 1# - ADDED ENTRY--PERSONAL NAME
Personal name Микуленко, К.И.
Relator term ред.
Relationship edt
710 2# - ADDED ENTRY--CORPORATE NAME
Corporate name or jurisdiction name as entry element Якутский институт геологических наук СО АН СССР
710 2# - ADDED ENTRY--CORPORATE NAME
Corporate name or jurisdiction name as entry element Академия наук СССР
Subordinate unit Сибирское отделение
Holdings
Withdrawn status Lost status Damaged status Not for loan Collection Home library Current library Date acquired Total checkouts Full call number Barcode Date last seen Price effective from Koha item type Public note
        General Fundamental Scientific Library Fundamental Scientific Library 28/12/2016   [551.24+553.98.041](571.56)(082) 120613504 28/12/2016 28/12/2016 Գրքեր / Books 30 Days Loan


ՀՀ ԳԱԱ հիմնարար գիտական գրադարան
ՀՀ,Երևան 0019
Մարշալ Բաղրամյան 24/6
հեռախոս:(374-10) 52-47-50
Հետադարձ կապ

All site content, except where otherwise noted, is licensed under a
Creative Commons License